Pays par paysage - Statistiques

Statistiques générales
  • Ce quiz a été pris 390 fois
  • Le résultat moyen est 6 sur 10
Statistiques - réponses
Par images Réponse % Correct
Etats-Unis
82%
Grèce
82%
Brésil
81%
Japon
79%
France
77%
Canada
75%
Russie
51%
Italie
50%
Afrique du Sud
32%
Australie
32%
Aucun quiz correspondant
Distribution des résultats
% des personnes avec chaque résultat
Percentile par nombre de réponses
Votre historique - résultats
Vous n’avez pas pris ce quiz